| 000 | 00000nam 2200000zi 4500 |
| 001 | 9.868548 |
| 003 | CaOODSP |
| 005 | 20221107162622 |
| 006 | m o d f |
| 007 | cr ||||||||||| |
| 008 | 190219t20192019bccbd #ob f000 0 eng d |
| 040 | |aCaOODSP|beng|erda|cCaOODSP |
| 043 | |an-cn-bc |
| 086 | 1 |aFs70-7/2019-001E-PDF |
| 245 | 00|aStatus of Pacific Herring (Clupea pallasii) in 2018 and forecast for 2019. |
| 246 | 17|aScience response : |bPacific Herring status 2018 and forecast 2019 |
| 264 | 1|aNanaimo, BC : |bCentre for Science Advice, Pacific Region, Fisheries and Oceans Canada, |c2019. |
| 264 | 4|c©2019 |
| 300 | |a1 online resource (38 pages) : |bmaps, graphs. |
| 336 | |atext|btxt|2rdacontent |
| 337 | |acomputer|bc|2rdamedia |
| 338 | |aonline resource|bcr|2rdacarrier |
| 490 | 1 |aScience response, |x1919-3769 ; |v2019/001 |
| 500 | |aTitle from caption. |
| 500 | |a"January 2019." |
| 500 | |aIssued also in French under title: État du hareng du Pacifique (Clupea pallasii) en 2018 et prévisions pour 2019. |
| 504 | |aIncludes bibliographical references. |
| 520 | |a"At present, Pacific Herring fisheries in BC consist of commercial fishing opportunities for food and bait (FB), spawn-on-kelp (SOK) products, and roe herring. There are also opportunities for First Nations food, social, and ceremonial (FSC) fisheries, as well as recreational fishing"--Page 2. |
| 692 | 07|2gccst|aFisheries |
| 692 | 07|2gccst|aForecasting |
| 692 | 07|2gccst|aEnvironmental management |
| 710 | 1 |aCanada. |bDepartment of Fisheries and Oceans. |bPacific Region. |
| 710 | 2 |aCanadian Science Advisory Secretariat. |
| 775 | 08|tÉtat du hareng du Pacifique (Clupea pallasii) en 2018 et prévisions pour 2019.|w(CaOODSP)9.868552 |
| 830 | #0|aScience response (Canadian Science Advisory Secretariat)|x1919-3769 ; |v2019/001.|w(CaOODSP)9.506232 |
| 856 | 40|qPDF|s3.06 MB|uhttps://publications.gc.ca/collections/collection_2019/mpo-dfo/fs70-7/Fs70-7-2019-001-eng.pdf |